Svetlo kríža v tieni kríža

Bibliographic Details
Main Author: Goldmann, Gereon, 1916-2003 (Author)
Other Authors: Mehešová, Dagmar, 1949- (Translator)
Format: Book
Language:Slovak
German
PhysicalDescription:216 s., 8 nečíslovaných strán obrazovej prílohy fotografie 18 cm
Published: Bratislava Serafín 1996
ISBN:8085310589
Edition:2. vyd.
Subjects:

MARC

LEADER 00000cam a2200000 a 4500
001 vtls001418148
003 SK-MaSNL
005 20260301012716.0
008 240621s1996 xo o gr 0000jaslo
015 |a SNBA2001/11-03691 
020 |a 8085310589 
035 |a SNK000372948 
040 |a SNK  |b slo  |c SNK  |e AACR2 
041 1 |a slo  |h ger 
044 |a xo  |c SK 
072 7 |a 271/279  |x Kresťanské cirkvi, sekty, denominácie  |2 konspekt 
072 7 |a 929  |x Biografie  |2 konspekt 
080 |a 820 (73)-94  |2 1981 
080 |a 262.14  |2 1981 
080 |a 929 Goldmann, Gereon  |2 1981 
080 |a 272-726.3  |2 2011 
080 |a (0:82-322.6)  |2 2011 
080 |a 27-584  |2 2011 
100 1 |a Goldmann, Gereon,  |d 1916-2003  |4 aut  |9 298183 
240 1 0 |a Tödliche Schatten - tröstendes Licht  |l Slovensky 
245 1 0 |a Svetlo kríža v tieni kríža  |c Gereon Goldmann ; preložila Dagmar Mehešová 
250 |a 2. vyd. 
260 |a Bratislava  |b Serafín  |c 1996 
300 |a 216 s., 8 nečíslovaných strán obrazovej prílohy  |b fotografie  |c 18 cm 
500 |a Vydal Provincialát rehole menších bratov františkánov 
500 |a Preložené z nemčiny 
600 1 7 |a Goldmann, Gereon  |d 1916- 2003  |2 SNKMA  |9 298184 
650 0 7 |a katolícki kňazi  |2 SNKPH  |9 1290 
650 0 7 |a duchovný život  |2 SNKPH  |9 1807 
655 7 |a biografické príbehy  |2 SNKPH  |9 70709 
700 1 |a Mehešová, Dagmar,  |d 1949-  |4 trl  |9 99105 
710 2 |a Provincialát Rehole menších bratov františkánov Bratislava  |4 pbl  |9 298185 
852 |a Slovenská národná knižnica 
919 |a 80-85310-58-9 
954 |a beletria cudzojazyčná (svetová)  |2 lita 
958 |a NT 
958 |a UP 
968 |b DT 
999 |c 554201  |d 556131 
952 |t P60, <03>, [BOOK], {603}  |a SNK  |b SNK  |y PREZ  |7 0  |p 17A0310562  |o snkSD 71736  |i snkKSP 9476/2001  |0 0  |1 0  |4 0  |d 2001-08-10  |l 0  |r 2005-01-02 00:00:00  |w 2026-02-23 
952 |t P60, <04>, [BOOK], {604}  |a SNK  |b SNK  |y VYP  |7 0  |p 17A0310563  |o snkSD 71736 D1  |i snkKSP 9477/2001  |0 0  |1 0  |4 0  |d 2001-08-10  |l 0  |r 2005-01-02 00:00:00  |w 2026-02-23